| 000 | 00523nam a2200217Ia 4500 | ||
|---|---|---|---|
| 008 | 170918s9999 xx 000 0 und d | ||
| 020 | _a9780545289382 | ||
| 050 | _bS859ha 2012 | ||
| 100 | _aStine, R. L. | ||
| 245 | 4 | _aThe birthday party of no return! / | |
| 245 | _cby R. L. Stine. | ||
| 260 | _aNew York : | ||
| 260 | _bScholastic, | ||
| 260 | _c2012 | ||
| 300 | _a132 pages : | ||
| 300 | _billustrations ; | ||
| 300 | _c19cm. | ||
| 300 | _eGoosebumps : hall of horrors ; | ||
| 440 | _a6 | ||
| 500 | _a380 | ||
| 999 |
_c344388 _d344388 |
||